000 00766nam a2200241Ia 4500
003 GCL
008 140319s9999 xx 000 0 ara d
020 _a5151009957
040 _aGCL /
_cGCL
082 0 4 _a291.042
_bخ م
100 1 _aخزعل الماجدى
245 1 0 _aالمعتقدات الكنعانية /
_cخزعل الماجدى
250 _aالاولى
260 _aالاردن :
_bدار الشروق ،
_c2001
300 _a306ص ؛
_c24 سم
490 _aسلسلة التراث الروحى للانسان
_v5
650 0 4 _aالديانات
650 0 4 _aالديانات القديمة
650 0 4 _aالاساطير
650 0 4 _aالديانات - تاريخ
650 0 4 _aالديانات الكنعانية
942 _2ddc
_cBK
999 _c10128
_d10128